Lo estructural y lo psicológico en: "Los cuatro espejos" y "El negro antillano: inmigración y presencia"

Tallennettuna:
Bibliografiset tiedot
Päätekijä: Acosta Rodríguez, María Eugenia
Aineistotyyppi: Kirja
Kieli:Undetermined
Julkaistu: San José, Costa Rica Escuela de Filología, Lingüística y Literatura,Universidad de Costa Rica 1984
Aiheet:
Tagit: Lisää tagi
Ei tageja, Lisää ensimmäinen tagi!

MARC

LEADER 00000nam a2200000Ia 4500
008 170316s9999 xx 000 0 und d
040 |a cru BVZT 
090 |a Tesis 39 
100 |a Acosta Rodríguez, María Eugenia 
245 |a Lo estructural y lo psicológico en: "Los cuatro espejos" y "El negro antillano: inmigración y presencia" 
260 |a San José, Costa Rica 
260 |b Escuela de Filología, Lingüística y Literatura,Universidad de Costa Rica 
260 |c 1984 
300 |a 154 páginas 
650 |a LICENCIATURA EN FILOLOGÍA ESPAÑOLA 
650 |a TRABAJO FINAL DE GRADUACIÓN 
999 |c 14022  |d 14022 
942 |c TFG  |h Tesis 39  |2 z